000 00646nam a2200217 a 4500
001 BRL_900
005 20190320210939.0
008 231013s1991----mx-a######---#000-1#spa-#
020 _a9684001037
041 _aspa
044 _amx
050 4 _aPQ7298.12.E34
_b.B43 1991
100 1 _aBecerril, Leticia Ramón de
_925274
245 1 0 _aAl final del camino
_bnovela historica y costumbrista de Comitan, Chiapas
_cLeticia R. de Becerril.
260 _aMéxico, D.F.
_bCosta-Amic editores
_c1991
300 _a163 p.
_bil.
_c20 cm.
500 _aAu1020
650 1 4 _aNovela histórica
_zChiapas (México)
_925275
902 _aGRL
942 _2lcc
_cB
999 _c9712
_d9712